000 00551nam a2200193Ia 4500
005 20250326144952.0
008 250326s9999 xx 000 0 und d
020 _a1-84064-586-5
037 _aTextbook
040 _aFMSL
_beng
_cFMSL
041 _aeng
_2eng
084 _aX8(A):8.44 P1
_qFMSL
100 _aLall S A
_9750396
245 0 _aCompetitiveness ,Technology and skills
_cLall S A
260 _aCheltenham
_bCheltenham, Edward Elgar
_c2001
300 _axiv,509
942 _cTB
_hX8(A):8.44 P1
999 _c1305846
_d1305846